[Event "FSFMB June 2012"]
[Site "Budapest HUN"]
[Date "2012.06.10"]
[Round "8.3"]
[White "Somogyi,Akos"]
[Black "Lukacs,Albert"]
[Result "0-1"]
[WhiteElo "1286"]
[BlackElo "1776"]

1.e4 c5 2.Nf3 e6 3.d4 cxd4 4.Nxd4 a6 5.Nc3 Qc7 6.Be3 Nf6 7.a3 Be7 8.Be2 b5
9.O-O Bb7 10.f3 O-O 11.Qd2 Nc6 12.Na2 d5 13.exd5 Nxd5 14.c4 Nxe3 15.Qxe3 Nxd4
16.Qxd4 Bc5 17.Rfd1 Bxd4+ 18.Rxd4 Qc5 19.Rd1 e5 20.Kh1 exd4 21.b4 Qe5 22.Bd3 bxc4
23.Bxc4  0-1

[Event "26th Pula Open"]
[Site "Pula CRO"]
[Date "2012.06.10"]
[Round "2.20"]
[White "Roth,Jos"]
[Black "Mencinger,V"]
[Result "0-1"]
[WhiteElo "2107"]
[BlackElo "2371"]

1.e4 c5 2.Nf3 e6 3.d4 cxd4 4.Nxd4 a6 5.Nc3 Qc7 6.Bd2 Bc5 7.Nb3 Be7 8.Qe2 d6
9.O-O-O Nf6 10.g4 b5 11.a3 Bb7 12.g5 Nfd7 13.f4 O-O 14.Bg2 Re8 15.f5 Nc6
16.Qf2 Bf8 17.h4 Nde5 18.h5 b4 19.axb4 Nxb4 20.g6 Nbd3+  0-1

[Event "FSGM June 2012"]
[Site "Budapest HUN"]
[Date "2012.06.11"]
[Round "9.2"]
[White "Wittmann,W"]
[Black "Lalic,B"]
[Result "0-1"]
[WhiteElo "2276"]
[BlackElo "2507"]

1.e4 c5 2.Nf3 e6 3.Nc3 a6 4.d4 cxd4 5.Nxd4 Qc7 6.Bd3 Nf6 7.f4 d6 8.g4 Nc6
9.Nxc6 Qxc6 10.g5 Nd7 11.Qf3 b5 12.a3 Bb7 13.Bd2 g6 14.h4 Bg7 15.h5 Nc5 16.O-O-O O-O-O
17.Rhe1 Kb8 18.Kb1 f5 19.gxf6 Bxf6 20.Qh3 Rc8 21.e5 dxe5 22.fxe5 Be7 23.Rf1 Nxd3
24.cxd3 Rhf8 25.hxg6 hxg6 26.Qh7 Rxf1 27.Rxf1 Qg2 28.Rd1 Bc5 29.Bc1 Bd4 30.Qd7 Bxc3
31.Qd6+ Ka8 32.bxc3 Rxc3 33.Rd2 Qd5 34.Qxd5 Bxd5 35.Bb2 Rc7 36.Rf2 Rg7 37.Rf6 g5
38.Bc1 g4 39.Bh6 Rh7 40.Rg6 g3 41.Be3 g2 42.Kc2 Kb7 43.Rg8 a5 44.Rg4 Kc6
45.Rg8 b4 46.axb4 axb4 47.Rc8+ Kb7 48.Rg8 Rh1  0-1

[Event "26th Pula Open"]
[Site "Pula CRO"]
[Date "2012.06.11"]
[Round "3.17"]
[White "Byron,A"]
[Black "Yakunin,A"]
[Result "1-0"]
[WhiteElo "2179"]
[BlackElo "2351"]

1.e4 c5 2.Nf3 e6 3.d4 cxd4 4.Nxd4 a6 5.Nc3 Qc7 6.Bd3 Nf6 7.Be3 Nc6 8.O-O d6
9.Kh1 Be7 10.f4 Nxd4 11.Bxd4 e5 12.Bg1 exf4 13.Bd4 Be6 14.Rxf4 O-O 15.Nd5 Bxd5
16.exd5 Ne8 17.Qh5 g6 18.Qh6 Qd8 19.Rf5  1-0

[Event "15th Heraklion Open"]
[Site "Athens GRE"]
[Date "2012.06.12"]
[Round "4.5"]
[White "Rigopoulos Tsigkos,A"]
[Black "Petrakis,I"]
[Result "0-1"]
[WhiteElo "2076"]
[BlackElo "2217"]

1.e4 c5 2.Nf3 e6 3.d4 cxd4 4.Nxd4 a6 5.Nc3 Qc7 6.Bd3 Nf6 7.O-O Be7 8.Qe2 d6
9.Bd2 Nc6 10.Nb3 O-O 11.f4 b5 12.Rae1 b4 13.Nb1 e5 14.c4 exf4 15.Bxf4 Ne5
16.N1d2 Bg4 17.Qe3 Nh5 18.Be2 Nxf4 19.Qxf4 Qa7+ 20.Kh1 Bxe2 21.Rxe2 Rac8
22.Nf3 Nxf3 23.Rxf3 Rxc4 24.Qf5 Qc7 25.Ref2 Qc6 26.Rf1 Qxe4 27.Qd7 Rc2 28.Nd4 Rxb2
29.Nf5 Bf6 30.Qxd6 Rb1 31.Nh6+ gxh6 32.Qxf6 Rxf1+ 33.Rxf1 Qe6 34.Qd4 Rc8
35.h3 Rc4 36.Qd8+ Kg7 37.Rf3 Qe5 38.Qd1 Re4 39.Rf1 a5 40.Qf3 f6 41.Qf2 Re2
42.Qa7+ Kg6 43.Qa8 Kg7 44.Qa7+ Qe7 45.Qb8 Kf7 46.Rf3 Re1+ 47.Kh2 Qe5+ 48.Qxe5 Rxe5
49.a3 Rb5 50.axb4 axb4 51.Rb3 Ke6  0-1

[Event "16th Voronezh Master Open"]
[Site "Voronezh RUS"]
[Date "2012.06.12"]
[Round "1.26"]
[White "Komiagina,M"]
[Black "Rychagov,A"]
[Result "1/2-1/2"]
[WhiteElo "2244"]
[BlackElo "2525"]

1.e4 c5 2.Nf3 e6 3.d4 cxd4 4.Nxd4 a6 5.Nc3 b5 6.Bd3 Bb7 7.O-O Qc7 8.Qe2 Bc5
9.Nb3 Be7 10.f4 Nf6 11.e5 Nd5 12.Nxd5 Bxd5 13.Be3 Nc6 14.c3 O-O 15.Nd2 d6
16.exd6 Bxd6 17.a4 Qb7 18.b4 Ne7 19.Bd4 Nf5 20.Bxf5 exf5 21.Qh5 g6 22.Qh4 f6
23.Nf3 Qf7 24.axb5 axb5 25.Rxa8 Bxa8 26.Ra1 Bb7 27.Ra7 Bb8 28.Ra1 Be4 29.Ra6 Bxf3
30.Rxf6 Qe8 31.Rxf8+ Qxf8 32.gxf3 Bd6 33.Qf2 Qe8 34.Qe3 Qxe3+ 35.Bxe3 Kf7
36.Kf2 Ke6 37.Ke2 Kd5 38.Kd3 Bc7 39.Bd2 Bd8 40.Be3 Bh4 41.Bb6 Be1 42.Bd8 Bf2
43.Bg5 Bg1 44.h3 Bh2 45.Bh6 Bg3 46.Bg5 Bf2 47.Bh6 Bb6 48.Bg5 Bc7 49.Bh6 Bd6
50.Bg5 Bf8 51.Bd8 h6 52.Bf6 Bd6 53.Ke3 Kc4 54.Be5 Be7 55.Bg7 Bh4 56.Ke2 Bg3
57.Be5 g5 58.Kd2 h5 59.Ke2 h4 60.Ke3 Kb3 61.Ke2 Kc4 62.Ke3 Bh2 63.Ke2 Kd5
64.Kf1 Bg3 65.Ke2 Kc4 66.Ke3 Bh2 67.Ke2 Kb3 68.Kd2 Kc4 69.Ke2 Bg3 70.Ke3  1/2-1/2

[Event "16th Voronezh Master Open"]
[Site "Voronezh RUS"]
[Date "2012.06.13"]
[Round "2.7"]
[White "Gabrielian,A"]
[Black "Chekhov,S"]
[Result "1-0"]
[WhiteElo "2573"]
[BlackElo "2458"]

1.e4 c5 2.Nf3 e6 3.d4 cxd4 4.Nxd4 a6 5.Nc3 Qc7 6.Bd3 Nc6 7.Be3 Nf6 8.O-O Bd6
9.h3 Bf4 10.Bxf4 Qxf4 11.Nxc6 bxc6 12.Re1 d5 13.Re3 O-O 14.e5 Nd7 15.Ne2 Qh4
16.c4 Bb7 17.Rc1 c5 18.cxd5 exd5 19.Bf5 d4 20.Rb3 Qg5 21.Ng3 Bc6 22.Bxd7 Bxd7
23.Rb7 Bc8 24.Rc7 Qxe5 25.R1xc5 Qd6 26.Ne4 Qd8 27.Ng5 Bf5 28.Nxf7 Qf6 29.Ne5 Be6
30.Qxd4 Rad8 31.Qe3 Qxf2+ 32.Qxf2 Rd1+ 33.Kh2 Rxf2 34.Re7 Rd5 35.Rxe6  1-0

[Event "16th Voronezh Master Open"]
[Site "Voronezh RUS"]
[Date "2012.06.14"]
[Round "3.21"]
[White "Prikhodko,A"]
[Black "Fedorov,Alex"]
[Result "1-0"]
[WhiteElo "2330"]
[BlackElo "2571"]

1.e4 c5 2.Nf3 e6 3.d4 cxd4 4.Nxd4 a6 5.Nc3 b5 6.a3 d6 7.Be3 Nf6 8.f4 Bb7
9.Qf3 Nbd7 10.O-O-O Rc8 11.Bd3 Rxc3 12.bxc3 Nc5 13.Nb3 Nfxe4 14.Bxe4 Nxe4
15.Bd4 f6 16.Rhe1 d5 17.f5 Bxa3+ 18.Kb1 O-O 19.fxe6 Qe7 20.Qf5 g6 21.Qh3 Bc8
22.Nd2 Bxe6 23.Nxe4 dxe4 24.Qh6 b4 25.c4 Bxc4 26.Qe3 b3 27.cxb3 Rb8 28.Qxe4 Qxe4+
29.Rxe4 Bxb3 30.Ba7 Rb7 31.Rd8+ Bf8 32.Bc5 Bd5+ 33.Rb4  1-0

[Event "5th Karen Asrian Memorial"]
[Site "Jermuk ARM"]
[Date "2012.06.16"]
[Round "1.6"]
[White "Yegiazaryan,A"]
[Black "Arutinian,D"]
[Result "0-1"]
[WhiteElo "2232"]
[BlackElo "2561"]

1.e4 c5 2.Nf3 e6 3.d4 cxd4 4.Nxd4 a6 5.Nc3 b5 6.Bd3 Qb6 7.Be3 Bc5 8.Be2 Nc6
9.Nxc6 dxc6 10.Bxc5 Qxc5 11.O-O Nf6 12.Qd3 e5 13.a3 O-O 14.b4 Qe7 15.Rad1 Be6
16.Qd6 Qxd6 17.Rxd6 Rfc8 18.Rfd1 Kf8 19.f4 exf4 20.e5 Ne8 21.Ne4 Bd5 22.Nc5 Nxd6
23.exd6 Rd8 24.d7 Ra7 25.a4 Raxd7 26.Nxa6 bxa4 27.Nc5 Re7 28.Bf1 Ra8 29.b5 cxb5
30.Rxd5 a3 31.Rd1 Rc7 32.Nb3 Rxc2 33.Bxb5 a2 34.Na1 Rb2 35.Bd3 Rd8 36.h4 Rb1  0-1

[Event "5th Karen Asrian Memorial"]
[Site "Jermuk ARM"]
[Date "2012.06.16"]
[Round "1.18"]
[White "Kanjaryan,V"]
[Black "Hayrapetian,O"]
[Result "0-1"]
[WhiteElo "2116"]
[BlackElo "2449"]

1.e4 c5 2.Nf3 e6 3.d4 cxd4 4.Nxd4 a6 5.Nc3 Qc7 6.Be2 Nc6 7.O-O Nf6 8.Be3 Bb4
9.Na4 O-O 10.c4 Bd6 11.Nxc6 bxc6 12.Bb6 Qb8 13.Bd4 Bxh2+ 14.Kh1 Be5 15.Nb6 Ra7
16.Nxc8 Rxc8 17.Bxa7 Qxa7 18.Qc2 Bd4 19.Bf3 Qc5 20.Rad1 Rb8 21.b3 Qe5 22.g3 c5
23.Kg2 Kf8 24.Rfe1 g5 25.Qe2 Ke7 26.Rh1 Rg8 27.g4 h5 28.Rde1 Bc3 29.Rc1 Bd4
30.Rce1 Qf4 31.e5 Nxg4 32.Bxg4 hxg4 33.Rh7 Rc8 34.f3 Bc3 35.Rf1 g3 36.Rd1 Bxe5
37.Qd3 d6 38.Qe4 Qxe4 39.fxe4 a5 40.Rf1 Bf4 41.Rfh1 a4 42.Rg7 Kf6 43.Rhh7 Rc7
44.bxa4 Ra7 45.a3 Rxa4 46.Rxf7+ Ke5  0-1

[Event "3rd Forni di Sopra Open"]
[Site "Forni di Sopra ITA"]
[Date "2012.06.17"]
[Round "2"]
[White "Vezzosi,P"]
[Black "Rotstein,A"]
[Result "0-1"]
[WhiteElo "2278"]
[BlackElo "2512"]

1.Nf3 c5 2.e4 e6 3.Nc3 a6 4.d4 cxd4 5.Nxd4 Qc7 6.Bd3 Nf6 7.Bg5 Be7 8.Qe2 d6
9.O-O-O Nc6 10.Nxc6 bxc6 11.f4 h6 12.Bh4 Rb8 13.e5 Nd5 14.Nxd5 cxd5 15.Bxe7 Qxe7
16.exd6 Qxd6 17.Qe5 Qxe5 18.fxe5 Ke7 19.c3 Bd7 20.Rhf1 Bb5 21.Rf4 Bxd3 22.Rxd3 f6
23.Rg3 fxe5 24.Rxg7+ Kd6 25.Ra4 Rb6 26.Rf7 e4 27.b3 Rc8 28.Kd2 Rbc6 29.c4 Ke5
30.Ra5 Kd4 31.Ke2 Rd8 32.Rf6 dxc4 33.bxc4 Rb8  0-1

[Event "5th Karen Asrian Memorial"]
[Site "Jermuk ARM"]
[Date "2012.06.17"]
[Round "2.12"]
[White "Andriasian,Z"]
[Black "Barsegyan,H"]
[Result "1/2-1/2"]
[WhiteElo "2615"]
[BlackElo "1982"]

1.e4 c5 2.Nf3 e6 3.Nc3 a6 4.d4 cxd4 5.Nxd4 b5 6.Bd3 Qb6 7.Nf3 Qc7 8.O-O Bb7
9.e5 Nc6 10.Bf4 f5 11.Re1 Nge7 12.h4 Ng6 13.Bg3 Bc5 14.h5 Nge7 15.a3 Nd4
16.Ng5 h6 17.Nh3 g5 18.hxg6 Nxg6 19.Qh5 O-O-O 20.Qxg6 h5 21.Qf6  1/2-1/2

[Event "5th Karen Asrian Memorial"]
[Site "Jermuk ARM"]
[Date "2012.06.18"]
[Round "3.5"]
[White "Ter Sahakyan,S"]
[Black "Hayrapetian,O"]
[Result "1/2-1/2"]
[WhiteElo "2577"]
[BlackElo "2449"]

1.e4 c5 2.Nf3 e6 3.d4 cxd4 4.Nxd4 a6 5.Nc3 Qc7 6.Bd3 Nc6 7.Nxc6 dxc6 8.f4 e5
9.Qf3 Nf6 10.f5 b5 11.a4 Bb7 12.O-O Bc5+ 13.Kh1 O-O 14.Bg5 Be7 15.b3 Rfd8
16.Bh4 Rd7 17.Ne2 Qb6 18.Ng3 Rc8 19.Bxf6 Bxf6 20.Nh5 Kf8 21.Qe2 Rd4 22.Nxf6 gxf6
23.Qe3 c5 24.axb5 axb5 25.c3 Rd6 26.Be2  1/2-1/2

[Event "Teplice Open 2012"]
[Site "Teplice CZE"]
[Date "2012.06.20"]
[Round "5.15"]
[White "Jasny,S"]
[Black "Vrublevskaya,O"]
[Result "1/2-1/2"]
[WhiteElo "2348"]
[BlackElo "2110"]

1.e4 c5 2.Nf3 e6 3.d4 cxd4 4.Nxd4 a6 5.Nc3 b5 6.Bd3 Bb7 7.O-O Nc6 8.Nxc6 Bxc6
9.Qe2 Bc5 10.e5 f5 11.exf6 Nxf6 12.Ne4 Bxe4 13.Bxe4 Nxe4 14.Qxe4 O-O 15.Be3 Bxe3
16.Qxe3 Rc8 17.c3 Rc4 18.Qa7 Qc8 19.Rad1 d5 20.a3 Rf7 21.Qb6 Qc6 22.Qxc6 Rxc6
23.Rfe1 Rf4 24.g3 Rfc4 25.f4 g6 26.Kf2 a5 27.Rd3 Kf7 28.Ke3 Kf6 29.Rd4 b4
30.Rxc4 Rxc4 31.Kd3 bxc3 32.b3 Rc6 33.Rc1 Kf5 34.Rxc3 Rxc3+ 35.Kxc3 Ke4 36.b4 axb4+
37.axb4 Ke3 38.Kc2 Ke2 39.Kc3 Ke3 40.Kc2 Ke2 41.Kc3 Ke3 42.Kc2 Ke2  1/2-1/2

[Event "Teplice Open 2012"]
[Site "Teplice CZE"]
[Date "2012.06.20"]
[Round "5.16"]
[White "Tuma,Ja"]
[Black "Rubes,J"]
[Result "1-0"]
[WhiteElo "2281"]
[BlackElo "2109"]

1.e4 c5 2.Nc3 e6 3.Nf3 a6 4.d4 cxd4 5.Nxd4 d6 6.Bc4 Nf6 7.Bb3 Nc6 8.Be3 Bd7
9.Qe2 b5 10.f3 Be7 11.g4 h6 12.O-O-O Qa5 13.h4 b4 14.Nb1 Nh7 15.Nd2 Qc7 16.Nxc6 Bxc6
17.g5 Nf8 18.gxh6 gxh6 19.Nc4 Bb5 20.Qd3 Bxc4 21.Bxc4 Nd7 22.f4 Nc5 23.Qd4 Kd7
24.e5 Nb7 25.f5 d5 26.fxe6+ fxe6 27.Qg4 Ke8 28.Bxd5 exd5 29.Qg6+ Kd8  1-0

[Event "16th Voronezh Master Open"]
[Site "Voronezh RUS"]
[Date "2012.06.20"]
[Round "8.18"]
[White "Khanin,S"]
[Black "Chekhov,S"]
[Result "1-0"]
[WhiteElo "2172"]
[BlackElo "2458"]

1.e4 c5 2.Nf3 e6 3.d4 cxd4 4.Nxd4 a6 5.Nc3 Qc7 6.Bd3 Nc6 7.Be3 Nf6 8.O-O Ne5
9.h3 Bc5 10.Kh1 d6 11.f4 Nc6 12.e5 Nxd4 13.exf6 gxf6 14.Bxd4 Bxd4 15.Bb5+ axb5
16.Qxd4 Rg8 17.Nxb5 Qc6 18.Nxd6+ Kf8 19.Ne4 Rg6 20.Rf3 Qd7 21.Qc3 Qe7 22.Rd3 b6
23.Rad1 Kg7 24.Rd8 Bb7 25.R8d7 Rd8 26.Rxd8 Bxe4 27.R8d2 Qb7 28.Rg1 h5 29.Kh2 Qb8
30.Qe3 f5 31.g3 b5 32.h4 Kh7 33.Qc5 Rg4 34.Qe7 Rg7 35.Qd6 Qa7 36.a3 Qb7 37.b3 Qa7
38.Re1 Bd5 39.Qb4 Qa6 40.a4 bxa4 41.bxa4 Qa8 42.a5 Qc6 43.Re3 Qa6 44.c4 Bxc4
45.Qb6 Qa8 46.Rd8 Qa6 47.Qxa6 Bxa6 48.Ra8 Bb7 49.Rb8 Bd5 50.Rc3 e5 51.Rc5 Bf3
52.Rxe5 Rg6 53.Ree8 f6 54.Re7+  1-0

[Event "Baltija WGM Cup 2012"]
[Site "Palanga LTU"]
[Date "2012.06.22"]
[Round "9.2"]
[White "Zaksaite,S"]
[Black "Vanagaite,G"]
[Result "1-0"]
[WhiteElo "2223"]
[BlackElo "1972"]

1.e4 c5 2.Nf3 e6 3.d4 cxd4 4.Nxd4 a6 5.Nc3 Qc7 6.g3 Nf6 7.Bg2 Nc6 8.Nb3 Be7
9.O-O O-O 10.f4 d6 11.Be3 b5 12.a3 Bb7 13.g4 Nd7 14.g5 Nb6 15.Qh5 Nc4 16.Rf3 g6
17.Qh6 f6 18.f5 exf5 19.Nd5 Qd7 20.exf5 N6e5 21.fxg6 Nxf3+ 22.Bxf3 Bd8 23.gxf6 Bxf6
24.Nxf6+ Rxf6 25.gxh7+ Qxh7 26.Qxf6 Nxe3 27.Qg5+ Kh8 28.Qxe3 Rf8 29.Rf1 Qh3
30.Qc3+  1-0

[Event "Teplice Open 2012"]
[Site "Teplice CZE"]
[Date "2012.06.22"]
[Round "7.16"]
[White "Friml,A"]
[Black "Hadraba,V"]
[Result "1/2-1/2"]
[WhiteElo "2125"]
[BlackElo "2247"]

1.e4 c5 2.Nf3 e6 3.d4 cxd4 4.Nxd4 a6 5.Nc3 Qc7 6.Be2 Nf6 7.O-O d6 8.Kh1 Be7
9.f4 Nc6 10.Be3 O-O 11.Bf3 Re8 12.Qe2 Nxd4 13.Bxd4 e5 14.Be3 exf4 15.Bxf4 Be6
16.Qf2 Nd7 17.Nd5 Bxd5 18.exd5 Bf6 19.c3 Ne5 20.Qg3 g6 21.h3 Bg7 22.Rfd1 b5
23.a4 Qb6 24.a5 Qc7 25.Be2 f5 26.Bf1 Nf7 27.Qf2 Be5 28.Be3 Qe7 29.Re1 Qf6
30.Rad1 Kg7 31.Bd3 Rac8 32.Re2 h5 33.Rc2 h4 34.c4 b4 35.c5 f4 36.Bc1 dxc5
37.Qf1 b3 38.Rf2 g5 39.Bxa6 Ra8 40.Bb5 Re7 41.a6 Nd6 42.Bd3 Qf7 43.Bb1 c4
44.Be3 Rxa6 45.Bc5 Rc7 46.Re2 Bf6 47.Bxd6 Rxd6 48.Qf3 c3 49.bxc3 Rxc3 50.Qe4 Re3
51.Rxe3 fxe3 52.Qxe3 Rxd5 53.Qxb3 Rxd1+  1/2-1/2

[Event "Teplice Open 2012"]
[Site "Teplice CZE"]
[Date "2012.06.22"]
[Round "7.7"]
[White "Tuma,Ja"]
[Black "Hausner,I"]
[Result "1/2-1/2"]
[WhiteElo "2281"]
[BlackElo "2412"]

1.e4 c5 2.Nf3 e6 3.d4 cxd4 4.Nxd4 a6 5.Nc3 Qc7 6.Be2 Nf6 7.O-O d6 8.Be3 b5
9.a3 Bb7 10.Bd3 Nbd7 11.f4 Be7 12.Qf3 Nb6 13.Nce2 Nc4 14.Bc1 g6 15.b3 e5
16.bxc4 bxc4 17.fxe5 dxe5 18.Bg5 cxd3 19.cxd3 O-O 20.Bxf6 exd4 21.Bxe7 Qxe7
22.Qf6 Rae8 23.Rab1 Bc8 24.Qxe7 Rxe7 25.Rb4 Rd8 26.Rxd4 Rxd4 27.Nxd4 Rc7
28.Ne2 Bg4 29.Rc1 Rb7 30.Nd4 Rb2 31.h3 Bd7 32.Rc2 Rb1+ 33.Kf2 Ra1 34.Rc3 Ra2+
35.Kf3 Kf8 36.Ne2 h5 37.Nc1  1/2-1/2

[Event "5th Karen Asrian Memorial"]
[Site "Jermuk ARM"]
[Date "2012.06.23"]
[Round "8.15"]
[White "Oparin,G"]
[Black "Hayrapetian,O"]
[Result "1/2-1/2"]
[WhiteElo "2494"]
[BlackElo "2449"]

1.e4 c5 2.Nf3 e6 3.d4 cxd4 4.Nxd4 a6 5.Nc3 Qc7 6.Be2 Nc6 7.O-O Nf6 8.Be3 Bb4
9.Na4 O-O 10.Nxc6 bxc6 11.Bb6 Qb8 12.f4 Be7 13.Bd3 d5 14.e5 Nd7 15.Be3 f6
16.exf6 Bxf6 17.c4 e5 18.cxd5 cxd5 19.fxe5 Nxe5 20.Be2 d4 21.Bxd4 Rd8 22.Rxf6 gxf6
23.Nb6 Be6 24.Nxa8 Qxa8 25.Qf1 Rxd4 26.Qxf6 Qd5 27.Rf1 Ng6 28.Bxa6 Rd2 29.Rf2 Rxf2
30.Qxf2 Qxa2 31.Bf1 Bc4 32.Qd4 Bxf1 33.Kxf1 Qb1+ 34.Kf2 Qf5+ 35.Kg1 Nf4 36.Qd8+ Kf7
37.Qc7+ Kg6 38.Qd6+ Kf7 39.Qc7+ Ke8 40.Qb8+ Kd7 41.Qb7+ Kd6 42.Qb6+ Ke5 43.Qc7+ Ke4
44.Qc4+ Ke3 45.Qc1+ Ke2 46.Qf1+ Kd2 47.g3 Ne2+ 48.Kg2 Qe5 49.Qf7 h6 50.b3 Qe4+
51.Qf3 Qd4 52.Qf2 Qa1 53.Qf8 Qg1+ 54.Kh3 Qe3 55.Qf5 Qd4 56.Qe6 h5 57.Qf5 Ke1
58.Qb1+ Kd2 59.Qf5 Ke1 60.Qb1+ Kd2  1/2-1/2

[Event "Teplice Open 2012"]
[Site "Teplice CZE"]
[Date "2012.06.24"]
[Round "9.15"]
[White "Vlasak,Lu"]
[Black "Vrublevskaya,O"]
[Result "1-0"]
[WhiteElo "2247"]
[BlackElo "2110"]

1.e4 c5 2.Nf3 e6 3.d4 cxd4 4.Nxd4 a6 5.Nc3 b5 6.Bd3 Bb7 7.O-O Nc6 8.Nxc6 Bxc6
9.Qe2 Bc5 10.Be3 Qb6 11.Bxc5 Qxc5 12.Rfe1 Ne7 13.a3 Ng6 14.Qe3 Qe5 15.g3 h5
16.f4 Qc7 17.e5 h4 18.g4 h3 19.Ne4 Rh4 20.Qg3 Qb6+ 21.Kf1 f5 22.exf6 Kf8
23.Nf2 Bg2+ 24.Ke2 Rh6 25.g5 Qd4 26.fxg7+  1-0

[Event "20th Montcada Open"]
[Site "Montcada i Reixac ESP"]
[Date "2012.06.26"]
[Round "2.18"]
[White "Sanchez Jerez,E"]
[Black "Fernandez Cardoso,A"]
[Result "0-1"]
[WhiteElo "2255"]
[BlackElo "2437"]

1.e4 c5 2.Nc3 a6 3.Nf3 e6 4.d4 cxd4 5.Nxd4 Qc7 6.g3 Nf6 7.Bg2 Be7 8.O-O Nc6
9.Be3 Na5 10.Kh1 Nc4 11.Bc1 h5 12.h3 Bb4 13.Nde2 Bc5 14.b3 Na5 15.Na4 d6
16.Nxc5 dxc5 17.Bb2 Nc6 18.Qd2 Kf8 19.Rad1 Ne8 20.Qe3 b6 21.Rd2 Bb7 22.Rfd1 Rd8
23.Rxd8 Nxd8 24.Qg5 Nc6 25.Nf4 Qe7 26.Qxe7+ Kxe7 27.h4 Nb8 28.Bf3 Nd7 29.Nxh5 e5
30.Kg2 f5 31.Bc1 fxe4 32.Bg5+ Ndf6 33.Bg4 Kf8 34.Nxf6 gxf6 35.Be3 Bc6 36.a4 Kf7
37.a5 bxa5 38.Bd7 Ba8 39.Bf5 Bc6 40.Bd7 Ba8 41.Ra1 Ng7 42.Rxa5 Rd8 43.Ba4 Nf5
44.Rxc5 Nxe3+ 45.fxe3 Ke6 46.Kh3 f5 47.Rc7 f4  0-1

[Event "20th Montcada Open"]
[Site "Montcada i Reixac ESP"]
[Date "2012.06.26"]
[Round "2.12"]
[White "Barbero Senidic,A"]
[Black "Lopez Martinez,Josep"]
[Result "1-0"]
[WhiteElo "2350"]
[BlackElo "2506"]

1.e4 c5 2.Nf3 e6 3.d4 cxd4 4.Nxd4 a6 5.Nc3 b5 6.Bd3 Qb6 7.Nf3 Qc7 8.O-O Nc6
9.e5 Bb7 10.Re1 b4 11.Na4 d6 12.Bf4 dxe5 13.Nxe5 Bd6 14.Qh5 Nxe5 15.Bxe5 Bxe5
16.Rxe5 g6 17.Qg5 Ne7 18.Nc5 Bd5 19.Qe3 Qd6 20.Qd4 O-O 21.Ne4 Nc6 22.Nf6+ Kg7
23.Nh5+  1-0

[Event "20th Montcada Open"]
[Site "Montcada i Reixac ESP"]
[Date "2012.06.28"]
[Round "4.19"]
[White "Sanchez Jerez,E"]
[Black "Aloma Vidal,R"]
[Result "0-1"]
[WhiteElo "2255"]
[BlackElo "2402"]

1.e4 c5 2.Nc3 a6 3.Nf3 e6 4.d4 cxd4 5.Nxd4 Qc7 6.f4 b5 7.Be2 Bb7 8.Bf3 Nc6
9.Nxc6 dxc6 10.e5 Rd8 11.Qe2 Ne7 12.a4 Nf5 13.Be3 Be7 14.O-O O-O 15.Rfd1 Nh4
16.Be4 b4 17.Rxd8 Rxd8 18.Nb1 c5 19.Bxb7 Qxb7 20.Nd2 c4 21.Nxc4 Qe4 22.b3 Nf5
23.Re1 Nxe3 24.Nxe3 Bc5 25.g3 h5 26.Kf2 h4 27.h3 a5 28.Rg1 Bxe3+  0-1

[Event "40th TCh-GRE 2012"]
[Site "Achaea GRE"]
[Date "2012.06.30"]
[Round "1.7"]
[White "Roinos,Ilias"]
[Black "Kalogeris,I"]
[Result "1/2-1/2"]
[WhiteElo "1747"]
[BlackElo "1903"]

1.e4 c5 2.Nf3 e6 3.d4 cxd4 4.Nxd4 a6 5.Nc3 Qc7 6.g3 b5 7.Bg2 Bb7 8.O-O d6
9.Re1 Nd7 10.Bg5 h6 11.Be3 e5 12.Nb3 Ngf6 13.a4 bxa4 14.Rxa4 Be7 15.Qd3 O-O
16.Rc4 Qd8 17.h3 Rc8 18.Rxc8 Qxc8 19.Na5 Ba8 20.Nc4 Nc5 21.Bxc5 Qxc5 22.Ra1 Bb7
23.b4 Qc7 24.Na5 Rb8 25.Na2 Bc8 26.c4 Qd7 27.Rb1 Bd8 28.Nc3 Bxa5 29.bxa5 Rxb1+
30.Qxb1 Qc7 31.Qb4 Be6 32.Nd5 Bxd5 33.cxd5 Nd7 34.Bf1 Nc5 35.Kg2 g6 36.Be2 Kg7
37.Qc3 Qb7 38.f4 Nxe4 39.Qc4 Nf6 40.fxe5 dxe5 41.Qc6 Qb2 42.Qxa6 Nxd5 43.Qd3 Nc3
44.Kf2 Qb4 45.a6 Qc5+ 46.Kg2 Nd5 47.Qb5 Qe3 48.Qd3 Qc5 49.Qb5 Qe3 50.Qd3 Qc5
51.Qb5 Qe3 52.Qd3  1/2-1/2

[Event "40th TCh-GRE 2012"]
[Site "Achaea GRE"]
[Date "2012.06.30"]
[Round "1.3"]
[White "Kalyva,Kyriaki"]
[Black "Salahidi,Reveka"]
[Result "0-1"]
[WhiteElo "1418"]
[BlackElo "1596"]

1.e4 c5 2.Nf3 e6 3.d4 cxd4 4.Nxd4 a6 5.Nc3 Qc7 6.Bd3 Nf6 7.Bg5 Be7 8.Qd2 d6
9.O-O-O Bd7 10.f4 h6 11.Bh4 Nxe4 12.Bxe4 Bxh4 13.Nf3 Be7 14.Qd4 Kf8 15.g4 Nc6
16.Qe3 Nb4 17.a3 d5 18.Bd3 Nxd3+ 19.Qxd3 Qxf4+ 20.Kb1 Bf6 21.Ne2 Qa4 22.Ned4 Bc6
23.Rhe1 Re8 24.Ne5 Bxe5 25.Rxe5 Bd7 26.Rf1 Kg8 27.g5 Bb5 28.Nxb5 Qxb5 29.Qf3 Qd7
30.Rg1 g6 31.gxh6 Rxh6 32.Qf4 Kg7 33.h4 Reh8 34.Rh1 Rh5 35.Rg5 Rxg5 36.Qxg5 Rh5
37.Qf4 e5 38.Qf3 e4 39.Qc3+ d4 40.Qg3 Qf5 41.Rd1 Qf3 42.Qg1 e3 43.Rf1 Qe4
44.Re1 Rxh4 45.Qg3 Rg4 46.Qh3 Rg2 47.Rc1 Rxc2 48.Rxc2 e2 49.Qg3 e1=Q+  0-1

[Event "XXI Adolf Anderssen Mem Prelim"]
[Site "Wroclaw POL"]
[Date "2012.06.30"]
[Round "2"]
[White "Wieczorek,O"]
[Black "Cyborowski,L"]
[Result "0-1"]
[WhiteElo "2289"]
[BlackElo "2560"]

1.e4 c5 2.Nf3 e6 3.d4 cxd4 4.Nxd4 a6 5.Nc3 b5 6.Bd3 d6 7.O-O Nf6 8.a4 bxa4
9.Rxa4 Be7 10.Qe2 O-O 11.f4 Bd7 12.Ra1 Nc6 13.Be3 Nxd4 14.Bxd4 a5 15.Rad1 e5
16.fxe5 dxe5 17.Bxe5 Bg4 18.Rf3 Bxf3 19.gxf3 Qb6+ 20.Kh1 Qxb2 21.Rb1 Qa3
22.Qg2 g6 23.Rb7 Qc5 24.f4 a4 25.Rxe7 Qxe7 26.Qg5 h6 27.Qxh6 Ra5 28.Nd5 Rd8
29.Qh4 Raxd5 30.exd5 Rd6 31.Bxd6 Qxd6 32.c4 a3 33.Qf2 Qb4 34.f5 Qc3 35.Qc2 Qxc2  0-1

[Event "40th TCh-GRE 2012"]
[Site "Achaea GRE"]
[Date "2012.07.01"]
[Round "2.1"]
[White "Skoulakis,C"]
[Black "Kalogeris,I"]
[Result "0-1"]
[WhiteElo "2079"]
[BlackElo "1903"]

1.e4 c5 2.Nf3 e6 3.d4 cxd4 4.Nxd4 a6 5.Nc3 Qc7 6.Be3 b5 7.f4 Bb7 8.Bd3 d6
9.Qf3 Nd7 10.O-O-O Rc8 11.Kb1 Nb6 12.g4 Nf6 13.g5 Nfd7 14.f5 e5 15.Nb3 Nc5
16.Nxc5 dxc5 17.Nd5 Bxd5 18.exd5 Bd6 19.g6 f6 20.gxh7 Rxh7 21.Qg2 Qf7 22.h4 Ke7
23.Be4 Nd7 24.Rdg1 c4 25.h5 Rxh5 26.Rxh5 Qxh5 27.Qxg7+ Qf7 28.Bf2 Rf8 29.Bf3 Qxg7
30.Rxg7+ Rf7 31.Rxf7+ Kxf7 32.a4 Ke7 33.Be2 Bc5 34.Bxc5+ Nxc5 35.axb5 axb5
36.b3 cxb3 37.Bxb5 bxc2+ 38.Kxc2 Kd6 39.Bc4 Ne4 40.Kd3 Ng3 41.Ke3 Nxf5+ 42.Ke4 Ne7
43.Bd3 f5+ 44.Kf3 Kxd5 45.Ba6 Kd4 46.Bb7 Nd5 47.Bc8 e4+ 48.Kf2 f4 49.Bg4 Nc3
50.Bh5 Kd3 51.Bg6 Nd1+ 52.Ke1 Ne3 53.Bh5 Nc2+ 54.Kd1 Nd4 55.Bg6 Ke3 56.Ke1 f3
57.Kf1 Nb3  0-1

[Event "40th TCh-GRE 2012"]
[Site "Achaea GRE"]
[Date "2012.07.01"]
[Round "2.12"]
[White "Kouros,Ahileas"]
[Black "Lezgidis,Fotios"]
[Result "0-1"]
[WhiteElo "1439"]
[BlackElo "1647"]

1.e4 c5 2.Nf3 e6 3.d4 cxd4 4.Nxd4 a6 5.Nc3 Qc7 6.Be3 Nf6 7.f3 Bb4 8.Qd3 d5
9.O-O-O Bxc3 10.Qxc3 Qxc3 11.bxc3 dxe4 12.Be2 Nbd7 13.Kb2 O-O 14.fxe4 Nxe4
15.Bf3 Ndf6 16.Nb3 e5 17.Rhe1 Bf5 18.Bg1 Rac8 19.g4 Bg6 20.g5 Nxc3 21.gxf6 Nxd1+
22.Rxd1 Rxc2+ 23.Ka3 b5 24.fxg7 Kxg7 25.Nc5 Rc3+ 26.Kb4 Rxf3 27.Nxa6 Ra8  0-1

[Event "40th TCh-GRE 2012"]
[Site "Achaea GRE"]
[Date "2012.07.01"]
[Round "2.3"]
[White "Antoniewski,R"]
[Black "Tsarouhas,K"]
[Result "1-0"]
[WhiteElo "2536"]
[BlackElo "2205"]

1.e4 c5 2.Nf3 e6 3.Nc3 a6 4.d4 cxd4 5.Nxd4 d6 6.g3 Nf6 7.Bg2 Be7 8.O-O O-O
9.h3 Qc7 10.a4 Nc6 11.Nce2 Bd7 12.b3 d5 13.exd5 Nxd5 14.Bb2 Rfd8 15.Bxd5 exd5
16.Nf4 Bg5 17.Nxd5 Qd6 18.c4 Bxh3 19.Qh5 Nxd4 20.Bxd4 Qh6 21.Qxh6 Bxh6 22.Rfe1 Re8
23.f4 f6 24.Kf2 Kf7 25.Rh1 Bg4 26.Ne3 Bd7 27.Bb6 Re6 28.a5 Bc6 29.Rh5 Rae8
30.Rd1 Kg6 31.Rh4 Kf7 32.Rd2 Be4 33.Rh5 Bc6 34.b4 Re4 35.b5 axb5 36.cxb5 Bxf4
37.bxc6 Bxe3+ 38.Bxe3 Rxe3 39.cxb7 Rb8 40.Kxe3  1-0

[Event "7th Vladimir Dvorkovich Cup"]
[Site "Moscow RUS"]
[Date "2012.07.01"]
[Round "3.13"]
[White "Oparin,G"]
[Black "Izzat,Kanan"]
[Result "1-0"]
[WhiteElo "2494"]
[BlackElo "2341"]

1.e4 c5 2.Nf3 e6 3.d4 cxd4 4.Nxd4 a6 5.Nc3 Qc7 6.Be2 Nf6 7.O-O Be7 8.f4 d6
9.Kh1 O-O 10.Qe1 Nbd7 11.Bf3 Nb6 12.g4 Re8 13.g5 Nfd7 14.a4 Nc4 15.Bg2 Bf8
16.b3 Na5 17.Bb2 b6 18.Rf3 g6 19.Rh3 Bg7 20.Nd1 Bb7 21.Qh4 Nf8 22.Ne3 Nc6
23.c3 b5 24.Ne2 Qd8 25.Ng4 h5 26.gxh6 Qxh4 27.Rxh4 Bh8 28.h7+ Nxh7 29.Nh6+ Kf8
30.Nxf7 Kxf7 31.Rxh7+ Bg7 32.c4 e5 33.cxb5 axb5 34.axb5 Rxa1+ 35.Bxa1 Ra8
36.Bc3 Na7 37.fxe5 Kg8 38.Rxg7+ Kxg7 39.exd6+ Kf7 40.Nd4 Rc8 41.d7 Rd8 42.e5 Bxg2+
43.Kxg2 Nxb5 44.Nxb5 Rxd7 45.Nd4  1-0